Central Library OPAC University of Rajshahi

A dictionary of Muslim philosophy / (Record no. 32415)

MARC details
000 -LEADER
fixed length control field 00742cam a2200241 4500
001 - CONTROL NUMBER
control field 32415
003 - CONTROL NUMBER IDENTIFIER
rucl marc code BD-RjUL
005 - DATE AND TIME OF LATEST TRANSACTION
control field 20211209051831.0
008 - FIXED-LENGTH DATA ELEMENTS--GENERAL INFORMATION
fixed length control field 140426s1970 pk d 000 0 eng d
035 ## - SYSTEM CONTROL NUMBER
System control number (BD-RjUL)32504
040 ## - CATALOGING SOURCE
Original cataloging agency DLC
Transcribing agency DLC
Modifying agency BD-RjUL
Language of cataloging eng
041 0# - LANGUAGE CODE
Language code of text/sound track or separate title engara
082 ## - DEWEY DECIMAL CLASSIFICATION NUMBER
Classification number 181.0703
Author mark and year DIC 1970
245 02 - TITLE STATEMENT
Title A dictionary of Muslim philosophy /
Statement of responsibility, etc. [Compiled by] M. Saeed Sheikh
260 ## - PUBLICATION, DISTRIBUTION, ETC. (IMPRINT)
Place of publication, distribution, etc. Lahore :
Name of publisher, distributor, etc. Institute of Islamic Culture,
Date of publication, distribution, etc. 1970.
300 ## - PHYSICAL DESCRIPTION
Pagination vii, 146 p. ;
Size 23 cm.
350 ## - PRICE (NR) (BK AM CF MU VM SE) [OBSOLETE]
Price 6.00
650 #0 - SUBJECT ADDED ENTRY--TOPICAL TERM
Topical term or geographic name as entry element Islamic philosophy
General subdivision Dictionaries
-- Arabic.
9 (RLIN) 98620
Topical term or geographic name as entry element Arabic language
General subdivision Dictionaries
-- English.
9 (RLIN) 98621
700 ## - ADDED ENTRY--PERSONAL NAME
Personal name Sheikh, M. Saeed , [Comp.]
942 ## - ADDED ENTRY ELEMENTS (KOHA)
Source of classification or shelving scheme Dewey Decimal Classification
Koha item type Reference
Holdings
Lost status Source of classification or shelving scheme Damaged status Not for loan Collection code Permanent Location Current Location Shelving location Date acquired Source of acquisition Cost, normal purchase price Total Checkouts Full call number Date last seen Copy number Koha item type Date checked out
  Dewey Decimal Classification   Not For Loan Reference Central Library, University of Rajshahi Central Library, University of Rajshahi   27/08/1971 Institute & Islamic Culture 6.00   R 181.0703 DIC 1970 26/04/2014 C-1 Reference  
  Dewey Decimal Classification   Not For Loan Reference Central Library, University of Rajshahi Central Library, University of Rajshahi   27/08/1971 Institute & Islamic Culture 6.00 1 R 181.0703 DIC 1970 13/10/2015 C-2 Reference 08/10/2015